[Event "Oskarja Memorial 10th"]
[Site "Chess.com INT"]
[Date "2021.01.16"]
[Round "6"]
[White "Pretnar, Bostjan"]
[Black "Hrescak, Ivana"]
[Result "0-1"]
[WhiteElo "1794"]
[BlackElo "1986"]
[PlyCount "38"]
[EventDate "2021.01.16"]
[EventType "swiss (blitz)"]
[EventRounds "15"]
[EventCountry "SLO"]
[SourceTitle "CBM 200 Extra"]
[Source "ChessBase"]
[SourceDate "2021.03.31"]
[SourceVersion "1"]
[SourceVersionDate "2021.03.31"]
[SourceQuality "1"]

1. d4 Nf6 2. Bf4 g6 3. e3 Bg7 4. Be2 0-0 5. h4 h5 6. Nc3 d6 7. Qd2 Nbd7 8. 0-0-0 c5 9. f3 a6 10. g4 b5 11. dxc5 Nxc5 12. gxh5 Nxh5 13. Bh2 Be6 14. Nd5 Rc8 15. e4 Bxd5 16. Qxd5 Na4 17. c3 Bxc3 18. Kb1 Bxb2 19. Nh3 Nc3+ 0-1

[Event "Oskarja Memorial 10th"]
[Site "Chess.com INT"]
[Date "2021.01.16"]
[Round "1"]
[White "Srebro, Mira"]
[Black "Pretnar, Bostjan"]
[Result "0-1"]
[WhiteElo "1575"]
[BlackElo "1794"]
[PlyCount "70"]
[EventDate "2021.01.16"]
[EventType "swiss (blitz)"]
[EventRounds "15"]
[EventCountry "SLO"]
[SourceTitle "CBM 200 Extra"]
[Source "ChessBase"]
[SourceDate "2021.03.31"]
[SourceVersion "1"]
[SourceVersionDate "2021.03.31"]
[SourceQuality "1"]

1. e3 Nf6 2. h3 d5 3. d3 c5 4. c3 Nc6 5. g3 e5 6. Bg2 Be6 7. Nd2 Bd6 8. Nb3 a5 9. Ne2 a4 10. Nd2 Qd7 11. Nf3 h6 12. Nh2 Bxh3 13. 0-0 Bxg2 14. Kxg2 Ne7 15. d4 cxd4 16. exd4 e4 17. Bf4 Ng6 18. Bxd6 Qxd6 19. Nc1 b5 20. Ng4 Nd7 21. Nf6+ Nxf6 22. b3 0-0 23. bxa4 bxa4 24. Rb1 Rab8 25. Rxb8 Rxb8 26. Qxa4 Rb2 27. Qa8+ Kh7 28. a4 e3 29. Nd3 Rd2 30. Nf4 Nxf4+ 31. gxf4 Qxf4 32. Qc8 Ne4 33. Kg1 Rxf2 34. Rxf2 Qxf2+ 35. Kh1 Ng3# 0-1

[Event "Oskarja Memorial 10th"]
[Site "Chess.com INT"]
[Date "2021.01.16"]
[Round "4"]
[White "Subelj, Jan"]
[Black "Pretnar, Bostjan"]
[Result "1-0"]
[WhiteElo "2238"]
[BlackElo "1794"]
[PlyCount "73"]
[EventDate "2021.01.16"]
[EventType "swiss (blitz)"]
[EventRounds "15"]
[EventCountry "SLO"]
[SourceTitle "CBM 200 Extra"]
[Source "ChessBase"]
[SourceDate "2021.03.31"]
[SourceVersion "1"]
[SourceVersionDate "2021.03.31"]
[SourceQuality "1"]

1. e4 Nf6 2. e5 Nd5 3. d4 d6 4. Nf3 g6 5. Bc4 Nb6 6. Bb3 Bg7 7. 0-0 0-0 8. Qe2 Bg4 9. exd6 cxd6 10. c3 Nc6 11. Bg5 Qc7 12. Nbd2 Rae8 13. h3 Bxf3 14. Nxf3 e5 15. dxe5 dxe5 16. Rad1 h6 17. Be3 Kh7 18. Bc5 Ne7 19. Bd6 Qc6 20. Nxe5 Bxe5 21. Qxe5 Nf5 22. Qc5 Nxd6 23. Qxc6 bxc6 24. Rxd6 Rc8 25. Re1 Rc7 26. h4 Kg7 27. h5 a5 28. hxg6 fxg6 29. Ree6 Nd5 30. Rxg6+ Kf7 31. Rxc6 Rxc6 32. Rxc6 Rd8 33. Rc5 Ke6 34. Rxd5 Rxd5 35. Kf1 Ke5 36. Bxd5 Kxd5 37. Ke2 1-0

[Event "SLO-chT2 West"]
[Site "Komenda"]
[Date "2019.11.30"]
[Round "7.2"]
[White "Pretnar, Bostjan"]
[Black "Siraj, Svit"]
[Result "1-0"]
[WhiteElo "1768"]
[BlackElo "1724"]
[PlyCount "69"]
[EventDate "2019.11.15"]
[EventType "team-tourn"]
[EventRounds "9"]
[EventCountry "SLO"]
[SourceTitle "EXT 2024"]
[Source "ChessBase"]
[SourceDate "2023.10.10"]
[SourceVersion "1"]
[SourceVersionDate "2023.10.10"]
[SourceQuality "1"]
[WhiteTeam "Radovljica"]
[BlackTeam "Vrhnika"]
[WhiteTeamCountry "SLO"]
[BlackTeamCountry "SLO"]

1. d4 d5 2. Bf4 c5 3. e3 Nf6 4. Nc3 a6 5. Nf3 e6 6. a4 Be7 7. Bd3 0-0 8. Ne5 c4 9. Be2 Nc6 10. 0-0 Nxe5 11. dxe5 Nd7 12. e4 Nb6 13. a5 d4 14. Nb1 d3 15. cxd3 cxd3 16. Qxd3 Qxd3 17. Bxd3 Rd8 18. Be2 Nd7 19. Nc3 b5 20. axb6 Nxb6 21. Be3 Nd7 22. f4 Bb7 23. Rad1 Nc5 24. Bf3 Nb3 25. Rxd8+ Rxd8 26. Rd1 Rxd1+ 27. Bxd1 Bc5 28. Kf2 Nd4 29. g3 Kf8 30. Ne2 Bxe4 31. Bxd4 Bxd4+ 32. Nxd4 Ke7 33. Ke3 Bd5 34. Bc2 h6 35. Be4 1-0

[Event "SLO-chT2 West"]
[Site "Komenda"]
[Date "2017.11.11"]
[Round "2.6"]
[White "Pretnar, Bostjan"]
[Black "Konvalinka, Kostja"]
[Result "0-1"]
[WhiteElo "1752"]
[BlackElo "1738"]
[PlyCount "59"]
[EventDate "2017.11.11"]
[EventType "team-tourn"]
[EventRounds "7"]
[EventCountry "SLO"]
[SourceTitle "EXT 2019"]
[Source "ChessBase"]
[SourceDate "2018.10.10"]
[SourceVersion "1"]
[SourceVersionDate "2018.10.10"]
[SourceQuality "1"]
[WhiteTeam "Radovljica"]
[BlackTeam "Trzin"]
[WhiteTeamCountry "SLO"]
[BlackTeamCountry "SLO"]

1. d4 Nf6 2. Nf3 e6 3. e3 d5 4. Bd3 c5 5. b3 cxd4 6. exd4 Nc6 7. a3 Bd6 8. Bb2 0-0 9. 0-0 Re8 10. Ne5 Qc7 11. Qe2 Qb6 12. Nxc6 bxc6 13. Nd2 a5 14. Rab1 h6 15. c4 Qc7 16. Nf3 Rb8 17. Qc2 Be7 18. Ne5 Ba6 19. f4 c5 20. Kh1 cxd4 21. Bxd4 Bxa3 22. Rf3 Rec8 23. Rbf1 dxc4 24. Nxc4 Bxc4 25. Bxf6 Bxd3 26. Qxc7 Rxc7 27. Be5 Bxf1 28. Bxc7 Rc8 29. Bxa5 Rc1 30. Rc3 0-1

[Event "SLO-chT2 West"]
[Site "Ljubljana"]
[Date "2014.10.18"]
[Round "2.6"]
[White "Pretnar, Bostjan"]
[Black "Sotirov, Slavko"]
[Result "1-0"]
[WhiteElo "1727"]
[BlackElo "1578"]
[PlyCount "95"]
[EventDate "2014.10.17"]
[EventType "team-tourn"]
[EventRounds "9"]
[EventCountry "SLO"]
[SourceTitle "EXT 2019"]
[Source "ChessBase"]
[SourceDate "2018.10.10"]
[SourceVersion "1"]
[SourceVersionDate "2018.10.10"]
[SourceQuality "1"]
[WhiteTeam "Radovljica"]
[BlackTeam "Sticna Visnja Gora"]
[WhiteTeamCountry "SLO"]
[BlackTeamCountry "SLO"]

1. d4 d5 2. Nf3 h6 3. e3 Nf6 4. Bd3 Bg4 5. h3 Bh5 6. g4 Bg6 7. Bxg6 fxg6 8. Qd3 Nc6 9. Qxg6+ Kd7 10. Nc3 e6 11. Ne5+ Nxe5 12. dxe5 Nh7 13. h4 Qe8 14. Qd3 c6 15. Bd2 Bc5 16. Ne4 Be7 17. 0-0-0 Kc7 18. Ng3 Nf8 19. h5 Nd7 20. f4 a5 21. c4 b6 22. cxd5 exd5 23. Kb1 Kb7 24. Rc1 Nc5 25. Qc2 Qd7 26. Rcg1 Rac8 27. Bc3 Rhg8 28. Bd4 Na6 29. Qf5 Qc7 30. Rc1 Rcf8 31. Qg6 c5 32. Nf5 Qd7 33. e6 Qd8 34. Bxg7 Nc7 35. Nxe7 Qxe7 36. Bxf8 Qxf8 37. e7 Qc8 38. Qf7 Re8 39. g5 Qd7 40. Qg6 Rxe7 41. Qxh6 Qf5+ 42. Ka1 Rxe3 43. Qf6 Qe4 44. h6 Ne8 45. Qf7+ Ka6 46. h7 Nd6 47. Qf8 Nc4 48. h8Q 1-0

[Event "SLO-chT2 West"]
[Site "Ljubljana"]
[Date "2013.11.08"]
[Round "1.6"]
[White "Jelen, Miha"]
[Black "Pretnar, Bostjan"]
[Result "1/2-1/2"]
[WhiteElo "1551"]
[BlackElo "1712"]
[PlyCount "101"]
[EventDate "2013.11.08"]
[EventType "team"]
[EventRounds "9"]
[EventCountry "SLO"]
[SourceTitle "EXT 2015"]
[Source "ChessBase"]
[SourceDate "2014.11.20"]
[SourceVersion "1"]
[SourceVersionDate "2014.11.20"]
[SourceQuality "1"]
[WhiteTeam "Ig"]
[BlackTeam "Radovljica"]
[WhiteTeamCountry "SLO"]
[BlackTeamCountry "SLO"]

1. e4 Nf6 2. e5 Nd5 3. d4 d6 4. Nf3 g6 5. c4 Nb6 6. Nc3 Bg7 7. exd6 cxd6 8. Be3 Nc6 9. Be2 Bg4 10. Qd3 0-0 11. 0-0 Qc8 12. a3 Na5 13. c5 dxc5 14. dxc5 Nd7 15. b4 Nc6 16. Rad1 Nde5 17. Nxe5 Nxe5 18. Qc2 Bxe2 19. Qxe2 Qe6 20. Nb5 Rfc8 21. Rfe1 a6 22. Nd4 Qc4 23. Bf4 Qxe2 24. Rxe2 Nc4 25. Rxe7 Re8 26. Rd7 Nxa3 27. Nf3 Re4 28. Bd2 Nc4 29. Rxb7 Rd8 30. c6 Nxd2 31. Rxd2 Rxd2 32. Nxd2 Re1+ 33. Nf1 Bf8 34. c7 Rc1 35. f3 Kg7 36. Kf2 Bd6 37. Rb6 Bxc7 38. Rxa6 Rb1 39. Ne3 Rxb4 40. Nd5 Rb2+ 41. Kg1 Rb1+ 42. Kf2 Bxh2 43. Nc3 Bg1+ 44. Kg3 Rb2 45. Ne4 f5 46. Ng5 h5 47. Ne6+ Kg8 48. Ra8+ Kf7 49. Ng5+ Kf6 50. Nh7+ Kg7 51. Ng5 1/2-1/2

[Event "SLO-chT2 West"]
[Site "Ljubljana"]
[Date "2012.10.20"]
[Round "2.6"]
[White "Turkovic, Igor"]
[Black "Pretnar, Bostjan"]
[Result "0-1"]
[WhiteElo "1901"]
[BlackElo "1677"]
[PlyCount "68"]
[EventDate "2012.10.19"]
[EventType "team-tourn"]
[EventRounds "9"]
[EventCountry "SLO"]
[SourceTitle "EXT 2022"]
[Source "ChessBase"]
[SourceDate "2021.10.06"]
[SourceVersion "1"]
[SourceVersionDate "2021.10.06"]
[SourceQuality "1"]
[WhiteTeam "Stari Trg ob Kolpi"]
[BlackTeam "Radovljica"]
[WhiteTeamCountry "SLO"]
[BlackTeamCountry "SLO"]

1. d4 Nf6 2. c4 e5 3. d5 g6 4. Nc3 Bg7 5. e4 d6 6. Nf3 0-0 7. Be2 Nbd7 8. Bg5 a5 9. 0-0 Nc5 10. Nd2 h6 11. Bh4 g5 12. Bg3 Ncxe4 13. Ndxe4 Nxe4 14. Nxe4 f5 15. Nd2 f4 16. Bd3 Bf5 17. Be4 Qd7 18. f3 fxg3 19. hxg3 b6 20. Qc2 Rf6 21. a3 Raf8 22. g4 Bxe4 23. Nxe4 Rf4 24. Rad1 Qf7 25. b4 axb4 26. axb4 Qg6 27. c5 bxc5 28. bxc5 h5 29. gxh5 Qxh5 30. cxd6 cxd6 31. Qc7 g4 32. Qxd6 gxf3 33. Qe6+ Kh8 34. Ng3 f2+ 0-1

[Event "Ljubljana Autumn op"]
[Site "Ljubljana"]
[Date "2011.11.30"]
[Round "9"]
[White "Novakovic, Novica"]
[Black "Pretnar, Bostjan"]
[Result "1/2-1/2"]
[WhiteElo "1704"]
[BlackElo "1714"]
[PlyCount "27"]
[EventDate "2011.09.28"]
[EventType "swiss"]
[EventRounds "9"]
[EventCountry "SLO"]
[SourceTitle "EXT 2023"]
[Source "ChessBase"]
[SourceDate "2022.10.05"]
[SourceVersion "1"]
[SourceVersionDate "2022.10.05"]
[SourceQuality "1"]

1. d4 d5 2. c4 e5 3. dxe5 d4 4. Nf3 Nc6 5. g3 Bb4+ 6. Bd2 Nge7 7. a3 Bxd2+ 8. Nbxd2 Ng6 9. Bg2 Ncxe5 10. 0-0 a5 11. b3 0-0 12. Re1 c5 13. Qc2 Rb8 14. Rad1 1/2-1/2

[Event "Ljubljana Autumn op"]
[Site "Ljubljana"]
[Date "2011.11.08"]
[Round "7"]
[White "Pretnar, Bostjan"]
[Black "Cizman, Gregor"]
[Result "0-1"]
[WhiteElo "1714"]
[BlackElo "1828"]
[PlyCount "80"]
[EventDate "2011.09.28"]
[EventType "swiss"]
[EventRounds "9"]
[EventCountry "SLO"]
[SourceTitle "EXT 2023"]
[Source "ChessBase"]
[SourceDate "2022.10.05"]
[SourceVersion "1"]
[SourceVersionDate "2022.10.05"]
[SourceQuality "1"]

1. e4 d5 2. exd5 Qxd5 3. Nc3 Qa5 4. d4 c6 5. Bc4 Nf6 6. Nf3 Bg4 7. Qe2 e6 8. Bd2 Bxf3 9. gxf3 Qc7 10. Ne4 Nbd7 11. Bg5 Be7 12. 0-0-0 h6 13. Bh4 Qf4+ 14. Nd2 Qxh4 15. c3 Qf4 16. Kb1 0-0-0 17. Ka1 Kb8 18. Bd3 Rhe8 19. Nb3 e5 20. Qc2 g6 21. Na5 Kc7 22. Qb3 b6 23. Ba6 Nb8 24. Qc4 bxa5 25. Bb5 Rd5 26. Ba4 Red8 27. Rhe1 Bd6 28. a3 exd4 29. cxd4 Qxf3 30. Rc1 Bc5 31. Rc3 Qxf2 32. Rf1 Qxd4 33. Qb3 Qe5 34. Rfc1 Ne4 35. R3c2 Qd6 36. Qf3 f5 37. b4 axb4 38. axb4 Qe5+ 39. Ka2 Rd3 40. Qf1 R8d4 0-1

[Event "Ljubljana Autumn op"]
[Site "Ljubljana"]
[Date "2011.11.02"]
[Round "8"]
[White "Pretnar, Bostjan"]
[Black "Hrescak, Ivana"]
[Result "1-0"]
[WhiteElo "1714"]
[BlackElo "1657"]
[PlyCount "85"]
[EventDate "2011.09.28"]
[EventType "swiss"]
[EventRounds "9"]
[EventCountry "SLO"]
[SourceTitle "EXT 2023"]
[Source "ChessBase"]
[SourceDate "2022.10.05"]
[SourceVersion "1"]
[SourceVersionDate "2022.10.05"]
[SourceQuality "1"]

1. e4 e5 2. d4 exd4 3. c3 Nc6 4. cxd4 d5 5. e5 Nge7 6. Nc3 Ng6 7. Nf3 h6 8. Bd3 Be6 9. Be3 Be7 10. a3 Qd7 11. h3 a6 12. b4 0-0 13. Rc1 Rac8 14. Qc2 Nh4 15. Nxh4 Bxh4 16. 0-0 Kh8 17. f4 f6 18. f5 Bg8 19. e6 Bxe6 20. fxe6 Qxe6 21. Rf3 Qd6 22. Bf2 Bxf2+ 23. Qxf2 Rce8 24. Ne2 Re7 25. Re3 Qd7 26. Rxe7 Nxe7 27. Re1 c6 28. Nf4 Re8 29. Rxe7 Rxe7 30. Ng6+ Kg8 31. Nxe7+ Qxe7 32. Bg6 Kf8 33. Qf4 Qd8 34. Qf5 Ke7 35. Qf4 Kf8 36. Qe3 Qe7 37. Qg3 Qd8 38. h4 Ke7 39. Bf5 Kf7 40. h5 Kf8 41. Qe3 a5 42. Qe6 axb4 43. Bg6 1-0